[Event "25th Bosnjaci Open 2020"]
[Site "Bosnjaci"]
[Date "2020.01.06"]
[Round "6.5"]
[White "Zufic, Miroslav"]
[Black "Medic, Mirjana"]
[Result "1/2-1/2"]
[WhiteElo "2375"]
[BlackElo "2195"]
[Annotator "TA"]
[PlyCount "71"]
[EventDate "2020.01.03"]
[EventType "swiss"]
[EventCountry "CRO"]
[SourceTitle "playchess.com"]
[Source "ChessBase"]
[SourceQuality "1"]

{[%evp 26,71,29,13,44,27,10,19,59,33,78,18,22,-25,112,109,106,102,88,91,104,52,57,56,62,50,51,64,59,33,43,18,20,26,58,57,53,56,48,4,17,0,45,0,12,0,71,0]} 1. e4 e6 2. d4 d5 3. Nc3 Nf6 4. e5 Nfd7 5. Nce2 c5 6. c3 Nc6 7. Nf3 cxd4 8. cxd4 f6 9. exf6 Nxf6 10. Nc3 Bd6 11. Bd3 O-O 12. O-O Qb6 13. a3 Bd7 14. Be3 a6 {C06: French Tarrasch: 3...Nf6 4 e5 Nfd7 5 Bd3 main lines} (14... Rae8 15. Ne5 Bxe5 16. dxe5 d4 17. exf6 dxe3 18. Bxh7+ Kxh7 19. Qxd7 exf2+ 20. Kh1 Kh6 21. Qxg7+ Kh5 22. f7 Rd8 23. Ne4 {1-0 (23) Navara,D (2730)-Harshkou,M (2300) Minsk 2015}) 15. Na4 Qc7 16. Rc1 Rae8 {The position is equal.} 17. Nc5 Bc8 18. b4 (18. Bb1 $16) 18... Qe7 $146 ({Predecessor:} 18... Kh8 19. h3 Nh5 20. Ne5 Nxe5 21. dxe5 Bxc5 22. Qxh5 {1-0 (22) Heinsohn,G (2167)-Zoll,D (1957) Leipzig 2012}) 19. Nxa6 Nxd4 (19... e5 $11 20. Rxc6 bxc6 21. dxe5 Bxe5) 20. Bxd4 $16 {[#] Nc5 is the strong threat.} bxa6 21. Ne5 Bb7 22. Qe2 Ra8 23. f3 (23. Rfe1 $16) 23... a5 $14 24. Bc5 axb4 25. axb4 Rfc8 {[%cal Rd6c5]} 26. Qe3 Bxc5 27. Rxc5 (27. bxc5 {keeps more tension.} Bc6 28. Rfe1 Ra5 29. f4 Ne4 30. Re2) 27... Rxc5 28. Qxc5 Qxc5+ 29. bxc5 Kf8 30. Rb1 Bc8 $1 31. Rb6 Ke7 32. Nc6+ Kf8 33. Ne5 Ke7 $1 34. Nc6+ Kf8 35. Ne5 (35. Rb4 $11) 35... Ke7 $1 $16 {[#]} 36. Nc6+ {Accuracy: White = 31%, Black = 72%.} (36. Bb5 $1 $16) 1/2-1/2

[Event "25th Bosnjaci Open 2020"]
[Site "Bosnjaci"]
[Date "2020.01.06"]
[Round "6.6"]
[White "Jakovljevic, Vlado"]
[Black "Blagojevic, Marijan"]
[Result "1/2-1/2"]
[WhiteElo "2351"]
[BlackElo "2164"]
[Annotator "ChessBase"]
[PlyCount "90"]
[EventDate "2020.01.03"]
[EventType "swiss"]
[EventCountry "CRO"]
[SourceTitle "playchess.com"]
[Source "ChessBase"]
[SourceQuality "1"]
[TimeControl "5400+30"]

1. Nf3 {[%emt 0:00:30]} g6 {[%emt 0:02:30]} 2. d4 {[%emt 0:00:00]} Bg7 {[%emt 0:00:30]} 3. c4 {[%emt 0:01:00]} d6 {[%emt 0:00:30]} 4. Nc3 {[%emt 0:02:30]} Nf6 {[%emt 0:00:30]} 5. g3 {[%emt 0:00:30]} O-O {[%emt 0:00:00]} 6. Bg2 {[%emt 0:00:00]} Nc6 {[%emt 0:00:00]} 7. O-O {[%emt 0:00:00]} e5 {[%emt 0:01:30]} 8. dxe5 {[%emt 0:01:30]} dxe5 {[%emt 0:00:30]} 9. Bg5 {[%emt 0:00:30]} Be6 {[%emt 0:03:30]} 10. Nd2 {[%emt 0:00:30]} h6 {[%emt 0:05:30]} 11. Bxf6 {[%emt 0:00:30]} Qxf6 {[%emt 0:01:30]} 12. Nd5 {[%emt 0:08:30]} Bxd5 {[%emt 0:10:30]} 13. cxd5 {[%emt 0:00:30]} Ne7 {[%emt 0:08:30]} 14. Rc1 {[%emt 0:05:30]} Rad8 {[%emt 0:15:30]} 15. Qb3 {[%emt 0:11:30]} Qa6 {[%emt 0:02:30]} 16. Rxc7 {[%emt 0:13:30]} Qxe2 {[%emt 0:01:30]} 17. Rxe7 {[%emt 0:02:30]} Qxd2 {[%emt 0:00:00]} 18. Rd1 {[%emt 0:02:30]} Qa5 {[%emt 0:02:00]} 19. Rxb7 {[%emt 0:00:30]} Rd6 {[%emt 0:04:30]} 20. Rc1 {[%emt 0:09:30]} Rfd8 {[%emt 0:01:30]} 21. a3 {[%emt 0:08:30]} Bf8 {[%emt 0:04:30]} 22. Qe3 {[%emt 0:07:30]} Rb6 {[%emt 0:01:30]} 23. Rxb6 {[%emt 0:01:30]} Qxb6 {[%emt 0:00:30]} 24. Qxb6 {[%emt 0:05:51]} axb6 {[%emt 0:00:30]} 25. Rc6 {[%emt 0:01:27]} Rd6 {[%emt 0:12:30]} 26. Kf1 {[%emt 0:03:12]} f5 {[%emt 0:00:30]} 27. Ke2 {[%emt 0:00:35]} Kf7 {[%emt 0:00:00]} 28. Rxd6 {[%emt 0:07:47]} Bxd6 {[%emt 0:00:00]} 29. f3 {[%emt 0:00:30]} Ke7 {[%emt 0:01:30]} 30. Kd3 {[%emt 0:01:58]} Bc5 {[%emt 0:00:30]} 31. Kc4 {[%emt 0:00:54]} Kd6 {[%emt 0:00:00]} 32. h3 {[%emt 0:00:27]} Be3 {[%emt 0:01:00]} 33. a4 {[%emt 0:00:25]} Bc1 {[%emt 0:01:08]} 34. b4 {[%emt 0:01:02]} Bd2 {[%emt 0:00:01]} 35. g4 {[%emt 0:00:00]} Be1 {[%emt 0:00:21]} 36. gxf5 {[%emt 0:01:00]} gxf5 {[%emt 0:00:30]} 37. Bf1 {[%emt 0:02:57]} e4 {[%emt 0:00:00]} 38. fxe4 {[%emt 0:00:00]} fxe4 {[%emt 0:00:00]} 39. Bg2 {[%emt 0:00:15]} e3 {[%emt 0:00:00]} 40. Bf3 {[%emt 0:00:40]} Bd2 {[%emt 0:00:00]} 41. h4 {[%emt 0:00:31]} Be1 {[%emt 0:00:30]} 42. h5 {[%emt 0:00:06]} Bd2 {[%emt 0:00:00]} 43. Kb5 {[%emt 0:01:36]} e2 {[%emt 0:01:00]} 44. Bxe2 {[%emt 0:00:02]} Kxd5 {[%emt 0:00:00]} 45. Bd1 {[%emt 0:01:00]} Kd6 {[%emt 0:00:00]} 1/2-1/2

[Event "25th Bosnjaci Open 2020"]
[Site "Bosnjaci"]
[Date "2020.01.06"]
[Round "6.7"]
[White "Draganic, Stjepan"]
[Black "Plenkovic, Zdenko"]
[Result "0-1"]
[WhiteElo "2112"]
[BlackElo "2348"]
[Annotator "TA"]
[PlyCount "146"]
[EventDate "2020.01.03"]
[EventType "swiss"]
[EventCountry "CRO"]
[SourceTitle "playchess.com"]
[Source "ChessBase"]
[SourceQuality "1"]

{[%evp 10,146,7,-9,-14,-17,10,-49,-45,-61,-56,-105,-102,-103,-78,-94,-16,-37,-19,-129,-43,-109,-91,-87,-86,-98,-4,-101,-69,-80,-68,-97,-73,-72,-83,-190,-91,-91,-83,-150,-123,-129,-54,-73,-58,-52,-43,-60,-56,-70,0,-21,-26,-105,-85,-118,-6,-6,-6,-6,-6,-6,0,0,0,0,0,0,0,-6,0,0,0,0,0,0,0,0,0,0,0,0,0,0,0,0,0,0,0,0,0,0,0,0,0,0,0,0,31,0,59,0,0,-12,0,-50,0,-87,-87,-96,-59,-59,-59,-88,-66,-59,0,0,0,0,0,0,0,-176,-176,-691,-662,-648,-381,-321,-299,-304,-312,-312,0,0,0,-620,-607]} 1. d4 d6 2. Bf4 Nd7 3. e3 e5 4. Bg3 g6 5. Nf3 Bg7 6. c3 Qe7 {A41: 1 d4 d6: Tartakower System and Modern Defence} (6... Ne7 7. h3 O-O 8. Bc4 e4 9. Nfd2 d5 10. Be2 Nf5 11. Bh2 Re8 12. O-O b6 13. a4 a6 14. a5 b5 {0-1 (34) Gubajdullin,A (2375)-Kabanov,N (2468) Voronezh 2018}) 7. Bc4 Nh6 8. Nbd2 (8. e4 $11) 8... Nf5 {Black is slightly better.} 9. dxe5 dxe5 10. Ne4 Nb6 11. Bb3 h5 $146 ({Predecessor:} 11... Nd6 12. Qc2 Bf5 13. Nxd6+ cxd6 14. e4 Bd7 {1-0 (44) Ferry,R (2072)-Kuritsin,V (2054) Paris 2010}) 12. h4 Nxg3 (12... Rf8 $17) 13. Nxg3 $11 Bg4 {Strongly threatening ...e4.} 14. e4 (14. Qd3 $11) 14... Bf6 (14... a5 $17 15. a4 Nd7) 15. Qd3 ({White should play} 15. Nf1 $1 $15) 15... Rd8 (15... a5 {is more complex.} 16. a4 Nd7 17. Qe3 Nc5 18. Bc4 Be6) 16. Qe3 Bxf3 17. Qxf3 c5 (17... Rd6 $17 18. Rd1 Rxd1+ 19. Kxd1 O-O) 18. Bd5 (18. a4 $1 $11) 18... Rd7 19. O-O-O Kf8 20. Kc2 Kg7 21. Nf1 Bxh4 22. g4 (22. Ne3 $17) 22... hxg4 (22... Nxd5 $19 23. exd5 e4) 23. Qxg4 $17 Qg5 24. Qh3 (24. Ne3 $142 Qxg4 25. Nxg4) 24... Rh5 25. Qf3 Qf6 (25... Qf4 $17 26. Qxf4 exf4) 26. Qxf6+ $15 Kxf6 27. Ne3 Kg7 28. f3 Kf8 29. c4 Re7 (29... f6 $15) 30. Rh3 f6 31. Rdh1 (31. b3 $11 {remains equal.}) 31... Reh7 $1 $17 32. Be6 Ke7 (32... Bg5 $17 {aiming for ...Rxh3.} 33. Rxh5 Rxh5 34. Rxh5 gxh5) 33. Bg4 $11 R5h6 34. b3 Rh8 35. Kd3 Kf7 36. Nd5 Nxd5 37. cxd5 Ke7 38. Kc4 Kd6 39. a4 R6h7 40. Be6 g5 41. R3h2 Rc7 42. Ra2 Rb8 43. Rha1 b6 44. Rb1 a6 45. Bg4 Ra8 46. Rba1 Bg3 47. Rh1 Bh4 48. Kd3 Raa7 49. Rha1 Bg3 50. Bf5 Ra8 51. Rh1 Bh4 52. Rb1 Rh8 53. Rh1 Ra7 54. Bg4 {[%mdl 1024] White has compensation.} (54. b4 $5) 54... Raa8 (54... Rd8 $11) 55. Bf5 ({Better is} 55. b4 $1 $14) 55... Bg3 56. Raa1 Rh4 57. Rh3 Bf2 58. Ke2 (58. Rxh4 $11 gxh4 59. Ra2) 58... Bd4 $17 59. Rah1 Rah8 60. Kd3 b5 $36 {[%mdl 2048] Black has good play.} 61. axb5 axb5 62. R1h2 {[#]} Ra8 (62... c4+ $1 $15 {[%mdl 512]} 63. bxc4 b4 64. Rxh4 gxh4) 63. Rxh4 $11 gxh4 64. Rxh4 {[%mdl 4096] Endgame KRB-KRB} c4+ 65. bxc4 Ra3+ 66. Kc2 $2 (66. Kd2 $11 {and White is okay.}) 66... b4 $1 $19 {[%cal Bb5b4,Bb4b3][%mdl 32]} ({Not} 66... bxc4 67. Rh8 $11) 67. Rh7 $2 {[#]} (67. Kd2) 67... b3+ $1 68. Kd2 Ra1 69. Rd7+ Kc5 70. Rc7+ {[#]} Kb6 $1 {[%cal Rb6c7]} 71. Rc6+ Kb7 $2 (71... Ka7 $19 72. c5 b2) 72. c5 $1 $11 b2 {( -> ...Bxc5!)} 73. Bc8+ $2 {[%mdl 8192]} (73. Rb6+ $11 Ka7 74. d6) 73... Kb8 {Accuracy: White = 38%, Black = 42%.} 0-1

[Event "25th Bosnjaci Open 2020"]
[Site "Bosnjaci"]
[Date "2020.01.06"]
[Round "6.9"]
[White "Stocko, Josip"]
[Black "Matic, Zeljko"]
[Result "1/2-1/2"]
[WhiteElo "2262"]
[BlackElo "2142"]
[Annotator "ChessBase"]
[PlyCount "47"]
[EventDate "2020.01.03"]
[EventType "swiss"]
[EventCountry "CRO"]
[SourceTitle "playchess.com"]
[Source "ChessBase"]
[SourceQuality "1"]
[TimeControl "5400+30"]

1. e4 {[%emt 0:00:30]} g6 {[%emt 0:00:30]} 2. d4 {[%emt 0:00:00]} Bg7 {[%emt 0:00:00]} 3. Nc3 {[%emt 0:00:00]} d6 {[%emt 0:01:00]} 4. Be3 {[%emt 0:00:00]} a6 {[%emt 0:00:00]} 5. Qd2 {[%emt 0:01:00]} Nd7 {[%emt 0:00:00]} 6. Nf3 {[%emt 0:00:30]} b5 {[%emt 0:01:30]} 7. Bd3 {[%emt 0:02:30]} c5 {[%emt 0:21:30]} 8. dxc5 {[%emt 0:16:30]} dxc5 {[%emt 0:04:30]} 9. O-O {[%emt 0:04:30]} Ngf6 {[%emt 0:28:30]} 10. h3 {[%emt 0:26:30]} Qc7 {[%emt 0:01:30]} 11. Bh6 {[%emt 0:13:30]} O-O {[%emt 0:00:30]} 12. Rfe1 {[%emt 0:03:30]} e5 {[%emt 0:03:30]} 13. Bf1 {[%emt 0:07:30]} Bb7 {[%emt 0:03:30]} 14. Bxg7 {[%emt 0:06:47]} Kxg7 {[%emt 0:00:30]} 15. a4 {[%emt 0:01:37]} b4 {[%emt 0:00:30]} 16. Nd5 {[%emt 0:00:12]} Nxd5 {[%emt 0:01:30]} 17. exd5 {[%emt 0:00:07]} Qd6 {[%emt 0:00:30]} 18. Rad1 {[%emt 0:04:45]} f6 {[%emt 0:00:30]} 19. c4 {[%emt 0:04:17]} Rae8 {[%emt 0:00:30]} 20. Qc2 {[%emt 0:00:46]} Rf7 {[%emt 0:00:30]} 21. h4 {[%emt 0:00:25]} Nf8 {[%emt 0:01:30]} 22. Nd2 {[%emt 0:00:59]} f5 {[%emt 0:00:30]} 23. Nb3 {[%emt 0:01:03]} Bc8 {[%emt 0:00:30]} 24. Qd2 {[%emt 0:01:34]} 1/2-1/2

[Event "25th Bosnjaci Open 2020"]
[Site "Bosnjaci"]
[Date "2020.01.06"]
[Round "6.10"]
[White "Muskinja, Luka"]
[Black "Matanovic, Luka"]
[Result "0-1"]
[WhiteElo "1901"]
[BlackElo "2256"]
[Annotator "ChessBase"]
[PlyCount "80"]
[EventDate "2020.01.03"]
[EventType "swiss"]
[EventCountry "CRO"]
[SourceTitle "playchess.com"]
[Source "ChessBase"]
[SourceQuality "1"]
[TimeControl "5400+30"]

1. Nf3 {[%emt 0:00:30]} d5 {[%emt 0:00:30]} 2. b3 {[%emt 0:01:30]} c5 {[%emt 0:00:00]} 3. e3 {[%emt 0:00:30]} a6 {[%emt 0:00:00]} 4. Bb2 {[%emt 0:01:30]} Nc6 {[%emt 0:00:30]} 5. d4 {[%emt 0:01:30]} Bg4 {[%emt 0:02:30]} 6. a3 {[%emt 0:06:30]} cxd4 {[%emt 0:05:30]} 7. exd4 {[%emt 0:00:00]} e6 {[%emt 0:01:30]} 8. Bd3 {[%emt 0:02:00]} Bd6 {[%emt 0:02:30]} 9. Nbd2 {[%emt 0:03:30]} Qf6 {[%emt 0:03:30]} 10. c4 {[%emt 0:06:30]} Nge7 {[%emt 0:03:30]} 11. Qc2 {[%emt 0:03:30]} Ng6 {[%emt 0:07:30]} 12. Bxg6 {[%emt 0:13:30]} hxg6 {[%emt 0:00:30]} 13. Qd3 {[%emt 0:01:30]} Kf8 {[%emt 0:07:30]} 14. Kf1 {[%emt 0:04:30]} Bf5 {[%emt 0:11:30]} 15. Qe2 {[%emt 0:01:30]} g5 {[%emt 0:06:30]} 16. Ne5 {[%emt 0:05:30]} Bxe5 {[%emt 0:02:30]} 17. dxe5 {[%emt 0:00:30]} Qg6 {[%emt 0:00:00]} 18. Qe3 {[%emt 0:00:30]} Rd8 {[%emt 0:01:00]} 19. Nf3 {[%emt 0:08:30]} dxc4 {[%emt 0:06:30]} 20. bxc4 {[%emt 0:00:30]} Rd3 {[%emt 0:03:30]} 21. Qxg5 {[%emt 0:05:30]} Qxg5 {[%emt 0:01:30]} 22. Nxg5 {[%emt 0:00:30]} Rd2 {[%emt 0:00:00]} 23. Bc3 {[%emt 0:06:30]} Rc2 {[%emt 0:01:00]} 24. Bb4+ {[%emt 0:00:00]} Nxb4 {[%emt 0:01:30]} 25. axb4 {[%emt 0:00:00]} Bd3+ {[%emt 0:00:30]} 26. Kg1 {[%emt 0:01:30]} Rh4 {[%emt 0:01:30]} 27. Nf3 {[%emt 0:03:30]} Rhxc4 {[%emt 0:00:30]} 28. h3 {[%emt 0:01:30]} Be4 {[%emt 0:03:30]} 29. Ne1 {[%emt 0:03:50]} Rc1 {[%emt 0:01:30]} 30. Rxc1 {[%emt 0:00:20]} Rxc1 {[%emt 0:00:30]} 31. Kh2 {[%emt 0:00:42]} b6 {[%emt 0:01:30]} 32. f3 {[%emt 0:00:53]} Bb1 {[%emt 0:02:30]} 33. f4 {[%emt 0:05:54]} Be4 {[%emt 0:00:30]} 34. Kg3 {[%emt 0:04:14]} a5 {[%emt 0:00:30]} 35. bxa5 {[%emt 0:01:17]} bxa5 {[%emt 0:00:30]} 36. Kg4 {[%emt 0:01:25]} a4 {[%emt 0:00:30]} 37. Rh2 {[%emt 0:00:17]} Rxe1 {[%emt 0:00:30]} 38. g3 {[%emt 0:00:11]} a3 {[%emt 0:00:30]} 39. Ra2 {[%emt 0:00:29]} Re3 {[%emt 0:00:30]} 40. h4 {[%emt 0:00:19]} Bf5+ {[%emt 0:00:30]} 0-1

[Event "25th Bosnjaci Open 2020"]
[Site "Bosnjaci"]
[Date "2020.01.06"]
[Round "6.11"]
[White "Dubrovic, Mihovil"]
[Black "Bobanac, Miro"]
[Result "0-1"]
[WhiteElo "1900"]
[BlackElo "2218"]
[Annotator "ChessBase"]
[PlyCount "66"]
[EventDate "2020.01.03"]
[EventType "swiss"]
[EventCountry "CRO"]
[SourceTitle "playchess.com"]
[Source "ChessBase"]
[SourceQuality "1"]
[TimeControl "5400+30"]

1. e4 {[%emt 0:00:30]} Nf6 {[%emt 0:00:30]} 2. Nc3 {[%emt 0:00:00]} d5 {[%emt 0:00:30]} 3. e5 {[%emt 0:01:00]} d4 {[%emt 0:00:30]} 4. exf6 {[%emt 0:00:30]} dxc3 {[%emt 0:00:00]} 5. fxg7 {[%emt 0:00:30]} cxd2+ {[%emt 0:00:00]} 6. Qxd2 {[%emt 0:00:30]} Bxg7 {[%emt 0:01:30]} 7. Qxd8+ {[%emt 0:04:30]} Kxd8 {[%emt 0:00:00]} 8. Bc4 {[%emt 0:06:30]} e6 {[%emt 0:03:00]} 9. Nf3 {[%emt 0:03:30]} b6 {[%emt 0:02:30]} 10. Bg5+ {[%emt 0:02:30]} f6 {[%emt 0:02:30]} 11. O-O-O+ {[%emt 0:01:30]} Ke7 {[%emt 0:01:30]} 12. Bh4 {[%emt 0:04:30]} c5 {[%emt 0:11:30]} 13. Rhe1 {[%emt 0:01:30]} Nc6 {[%emt 0:00:30]} 14. Bd5 {[%emt 0:16:30]} Bd7 {[%emt 0:01:30]} 15. Re2 {[%emt 0:03:30]} Rae8 {[%emt 0:04:30]} 16. Bc4 {[%emt 0:05:30]} Na5 {[%emt 0:05:30]} 17. Ne5 {[%emt 0:09:30]} Bc8 {[%emt 0:00:30]} 18. Bb5 {[%emt 0:02:30]} Rd8 {[%emt 0:00:30]} 19. Nc6+ {[%emt 0:04:30]} Nxc6 {[%emt 0:00:00]} 20. Bxc6 {[%emt 0:03:30]} Bh6+ {[%emt 0:00:00]} 21. Re3 {[%emt 0:00:30]} Bxe3+ {[%emt 0:01:30]} 22. fxe3 {[%emt 0:00:00]} Rxd1+ {[%emt 0:00:30]} 23. Kxd1 {[%emt 0:00:00]} e5 {[%emt 0:02:30]} 24. Bf3 {[%emt 0:02:30]} Rd8+ {[%emt 0:00:30]} 25. Ke1 {[%emt 0:01:30]} Be6 {[%emt 0:00:30]} 26. a3 {[%emt 0:00:30]} b5 {[%emt 0:04:30]} 27. Bf2 {[%emt 0:00:30]} a5 {[%emt 0:01:30]} 28. Be2 {[%emt 0:05:38]} Bc4 {[%emt 0:03:30]} 29. Bg4 {[%emt 0:00:49]} b4 {[%emt 0:03:30]} 30. e4 {[%emt 0:03:55]} Kd6 {[%emt 0:00:30]} 31. axb4 {[%emt 0:01:49]} cxb4 {[%emt 0:01:30]} 32. Bf5 {[%emt 0:02:03]} a4 {[%emt 0:00:30]} 33. b3 {[%emt 0:06:51]} a3 {[%emt 0:00:30]} 0-1

[Event "25th Bosnjaci Open 2020"]
[Site "Bosnjaci"]
[Date "2020.01.06"]
[Round "6.13"]
[White "Kirilov, Ivaylo"]
[Black "Vidovic, Sasa"]
[Result "0-1"]
[WhiteElo "1869"]
[BlackElo "2187"]
[Annotator "ChessBase"]
[PlyCount "68"]
[EventDate "2020.01.03"]
[EventType "swiss"]
[EventCountry "CRO"]
[SourceTitle "playchess.com"]
[Source "ChessBase"]
[SourceQuality "1"]
[TimeControl "5400+30"]

1. e4 {[%emt 0:00:30]} d6 {[%emt 0:00:30]} 2. d4 {[%emt 0:00:00]} Nf6 {[%emt 0:00:00]} 3. Nc3 {[%emt 0:00:00]} c6 {[%emt 0:00:00]} 4. a4 {[%emt 0:00:30]} Qa5 {[%emt 0:00:30]} 5. Bd2 {[%emt 0:06:30]} e5 {[%emt 0:02:30]} 6. Nd5 {[%emt 0:02:30]} Qd8 {[%emt 0:00:30]} 7. Nxf6+ {[%emt 0:00:30]} Qxf6 {[%emt 0:00:30]} 8. Be3 {[%emt 0:00:30]} h6 {[%emt 0:17:30]} 9. Bc4 {[%emt 0:05:30]} Be7 {[%emt 0:04:30]} 10. h3 {[%emt 0:04:30]} O-O {[%emt 0:02:30]} 11. c3 {[%emt 0:03:30]} Qg6 {[%emt 0:05:30]} 12. Qf3 {[%emt 0:01:30]} Kh8 {[%emt 0:16:30]} 13. g4 {[%emt 0:03:30]} exd4 {[%emt 0:19:30]} 14. Bxd4 {[%emt 0:03:30]} c5 {[%emt 0:05:30]} 15. Be3 {[%emt 0:00:30]} Nc6 {[%emt 0:03:06]} 16. Bd3 {[%emt 0:05:30]} Ne5 {[%emt 0:01:24]} 17. Qe2 {[%emt 0:00:00]} d5 {[%emt 0:04:45]} 18. f3 {[%emt 0:04:00]} Nxd3+ {[%emt 0:01:42]} 19. Qxd3 {[%emt 0:00:00]} dxe4 {[%emt 0:00:20]} 20. Qxe4 {[%emt 0:01:00]} Bh4+ {[%emt 0:00:39]} 21. Kf1 {[%emt 0:01:30]} f5 {[%emt 0:00:39]} 22. Qd3 {[%emt 0:00:30]} b6 {[%emt 0:03:38]} 23. Ne2 {[%emt 0:05:30]} Qf7 {[%emt 0:00:34]} 24. g5 {[%emt 0:01:30]} hxg5 {[%emt 0:00:28]} 25. Bf2 {[%emt 0:03:30]} Be6 {[%emt 0:01:11]} 26. Bxh4 {[%emt 0:00:30]} Bc4 {[%emt 0:00:19]} 27. Qd2 {[%emt 0:00:30]} gxh4 {[%emt 0:00:44]} 28. Kf2 {[%emt 0:01:30]} f4 {[%emt 0:01:43]} 29. Rae1 {[%emt 0:01:30]} Rad8 {[%emt 0:00:31]} 30. Qc2 {[%emt 0:01:30]} Bb3 {[%emt 0:00:36]} 31. Qe4 {[%emt 0:02:30]} Rfe8 {[%emt 0:00:22]} 32. Qc6 {[%emt 0:00:30]} Bd5 {[%emt 0:00:33]} 33. Qb5 {[%emt 0:00:00]} Bc4 {[%emt 0:00:18]} 34. Qc6 {[%emt 0:00:00]} Re6 {[%emt 0:00:13]} 0-1

[Event "25th Bosnjaci Open 2020"]
[Site "Bosnjaci"]
[Date "2020.01.06"]
[Round "6.14"]
[White "Ljikar, Zoran"]
[Black "Brkic, Zdenko"]
[Result "1/2-1/2"]
[WhiteElo "2179"]
[BlackElo "2036"]
[Annotator "ChessBase"]
[PlyCount "121"]
[EventDate "2020.01.03"]
[EventType "swiss"]
[EventCountry "CRO"]
[SourceTitle "playchess.com"]
[Source "ChessBase"]
[SourceQuality "1"]
[TimeControl "5400+30"]

1. e4 {[%emt 0:00:30]} d5 {[%emt 0:00:30]} 2. exd5 {[%emt 0:00:00]} Qxd5 {[%emt 0:00:00]} 3. Nc3 {[%emt 0:00:00]} Qd8 {[%emt 0:00:00]} 4. d4 {[%emt 0:00:30]} g6 {[%emt 0:00:00]} 5. h3 {[%emt 0:07:30]} Bg7 {[%emt 0:00:00]} 6. Nf3 {[%emt 0:00:30]} Nf6 {[%emt 0:00:30]} 7. Bc4 {[%emt 0:00:30]} O-O {[%emt 0:00:00]} 8. O-O {[%emt 0:00:30]} b6 {[%emt 0:00:00]} 9. Bf4 {[%emt 0:06:30]} Bb7 {[%emt 0:02:30]} 10. Qe2 {[%emt 0:02:30]} a6 {[%emt 0:02:30]} 11. a4 {[%emt 0:01:30]} Nc6 {[%emt 0:01:30]} 12. Rad1 {[%emt 0:02:30]} Nb4 {[%emt 0:04:30]} 13. Rfe1 {[%emt 0:01:30]} Bxf3 {[%emt 0:10:30]} 14. gxf3 {[%emt 0:03:30]} Qd7 {[%emt 0:19:30]} 15. Qxe7 {[%emt 0:02:30]} Qf5 {[%emt 0:04:30]} 16. Qe5 {[%emt 0:00:30]} Qxh3 {[%emt 0:00:30]} 17. Bf1 {[%emt 0:06:30]} Qxf3 {[%emt 0:05:30]} 18. Bg2 {[%emt 0:00:30]} Qg4 {[%emt 0:00:30]} 19. f3 {[%emt 0:00:30]} Qd7 {[%emt 0:04:30]} 20. Qxc7 {[%emt 0:00:30]} Nxc2 {[%emt 0:01:30]} 21. Re7 {[%emt 0:10:30]} Qxc7 {[%emt 0:03:30]} 22. Bxc7 {[%emt 0:00:30]} Ra7 {[%emt 0:01:30]} 23. d5 {[%emt 0:01:30]} Ne3 {[%emt 0:03:30]} 24. Rxe3 {[%emt 0:10:30]} Rxc7 {[%emt 0:00:00]} 25. d6 {[%emt 0:00:30]} Ra7 {[%emt 0:03:00]} 26. Re7 {[%emt 0:02:30]} Nd7 {[%emt 0:06:30]} 27. f4 {[%emt 0:09:30]} Bf6 {[%emt 0:09:22]} 28. Re4 {[%emt 0:07:30]} Nc5 {[%emt 0:03:43]} 29. Rc4 {[%emt 0:00:30]} Rd8 {[%emt 0:00:58]} 30. a5 {[%emt 0:01:30]} Ne6 {[%emt 0:01:42]} 31. axb6 {[%emt 0:00:00]} Rad7 {[%emt 0:00:01]} 32. b7 {[%emt 0:01:00]} Rb8 {[%emt 0:01:39]} 33. Rc8+ {[%emt 0:05:00]} Rd8 {[%emt 0:00:10]} 34. Rxb8 {[%emt 0:00:19]} Rxb8 {[%emt 0:00:01]} 35. Nd5 {[%emt 0:00:11]} Bd8 {[%emt 0:01:19]} 36. Rc1 {[%emt 0:01:49]} Kg7 {[%emt 0:00:14]} 37. Nc7 {[%emt 0:00:05]} Nxf4 {[%emt 0:00:31]} 38. Nxa6 {[%emt 0:00:36]} Rxb7 {[%emt 0:00:18]} 39. Bxb7 {[%emt 0:00:39]} Ne2+ {[%emt 0:00:03]} 40. Kf2 {[%emt 0:00:52]} Nxc1 {[%emt 0:00:01]} 41. Ke3 {[%emt 0:00:42]} Kf6 {[%emt 0:00:28]} 42. Kd4 {[%emt 0:00:12]} Ke6 {[%emt 0:00:22]} 43. Bd5+ {[%emt 0:01:36]} Kxd6 {[%emt 0:00:12]} 44. Bxf7 {[%emt 0:00:04]} Bf6+ {[%emt 0:00:12]} 45. Ke4 {[%emt 0:00:17]} Ne2 {[%emt 0:01:06]} 46. b4 {[%emt 0:00:48]} Nc3+ {[%emt 0:00:14]} 47. Kd3 {[%emt 0:00:17]} Nd5 {[%emt 0:00:43]} 48. b5 {[%emt 0:00:31]} Bd8 {[%emt 0:00:19]} 49. Nb8 {[%emt 0:04:08]} Ne7 {[%emt 0:01:23]} 50. Be8 {[%emt 0:00:50]} Bb6 {[%emt 0:01:58]} 51. Nd7 {[%emt 0:00:11]} Nd5 {[%emt 0:01:23]} 52. Bf7 {[%emt 0:03:32]} Kxd7 {[%emt 0:00:39]} 53. Bxd5 {[%emt 0:00:01]} Ke7 {[%emt 0:00:16]} 54. Ke4 {[%emt 0:01:58]} Kf6 {[%emt 0:00:04]} 55. Kf4 {[%emt 0:00:54]} h5 {[%emt 0:00:01]} 56. Kg3 {[%emt 0:00:40]} g5 {[%emt 0:00:16]} 57. Bf3 {[%emt 0:00:35]} Bc7+ {[%emt 0:00:45]} 58. Kh3 {[%emt 0:00:18]} Kg6 {[%emt 0:00:04]} 59. Be2 {[%emt 0:00:20]} h4 {[%emt 0:00:41]} 60. Kg4 {[%emt 0:00:45]} Kf6 {[%emt 0:00:02]} 61. Bf3 {[%emt 0:00:21]} 1/2-1/2

[Event "25th Bosnjaci Open 2020"]
[Site "Bosnjaci"]
[Date "2020.01.07"]
[Round "7.1"]
[White "Runic, Zoran"]
[Black "Fercec, Nenad"]
[Result "1/2-1/2"]
[WhiteElo "2326"]
[BlackElo "2423"]
[Annotator "TA"]
[PlyCount "61"]
[EventDate "2020.01.03"]
[EventType "swiss"]
[EventCountry "CRO"]
[SourceTitle "playchess.com"]
[Source "ChessBase"]
[SourceQuality "1"]

{[%evp 11,61,3,7,-2,51,10,18,18,23,0,23,22,25,29,27,28,29,28,31,23,71,44,66,50,50,50,66,39,53,60,58,45,51,59,70,-6,-17,-16,-12,-18,-31,-27,-4,-4,-3,-5,-8,-8,0,0,0,0]} 1. e4 c5 2. Nf3 d6 3. c3 Nf6 4. Bd3 g6 5. Bc2 Bg7 6. h3 e5 7. d4 {B50: Sicilian: 2...d6, Miscellaneous} Qe7 (7... exd4 $11 8. cxd4 cxd4) (7... cxd4 8. cxd4 exd4 9. Nxd4 O-O 10. O-O Nc6 11. Be3 Re8 12. Nc3 d5 13. exd5 Nxd5 14. Nxd5 Nxd4 15. Bxd4 Qxd5 16. Bxg7 Qxd1 17. Rfxd1 Kxg7 {½-½ (25) Andreikin,D (2736)-Artemiev,V (2663) Sochi 2016}) 8. Ba4+ $146 ({Predecessor:} 8. O-O O-O 9. Bg5 h6 10. Bh4 Nc6 11. d5 Nd8 12. Bxf6 Qxf6 13. Nbd2 Qe7 14. b4 b6 {0-1 (52) Berg,S (2057)-Paasikangas Tella,J (2258) Stockholm 2000}) 8... Nbd7 9. dxc5 dxc5 10. Bg5 h6 11. Bxf6 Bxf6 12. c4 O-O 13. Bxd7 Bxd7 14. Nc3 Bc6 15. Qe2 a6 16. a4 b6 17. O-O Qb7 18. Rab1 Rab8 19. Qe3 Bg7 20. b4 cxb4 21. Rxb4 a5 22. Rb3 Qa6 23. c5 (23. Nd2 $14) 23... bxc5 $11 24. Rxb8 Rxb8 25. Qxc5 Rc8 {[#] And now ...Bxe4! would win.} 26. Nd5 {Strongly threatening Ne7+.} Bxd5 27. Qxd5 {The position is equal.} Qc4 28. Qxa5 Qxe4 29. Re1 Qf4 30. Nxe5 Bxe5 31. Qxe5 {Accuracy: White = 67%, Black = 32%.} 1/2-1/2